<?xml version="1.0" encoding="UTF-8"?>
<record
    xmlns:xsi="http://www.w3.org/2001/XMLSchema-instance"
    xsi:schemaLocation="http://www.loc.gov/MARC21/slim http://www.loc.gov/standards/marcxml/schema/MARC21slim.xsd"
    xmlns="http://www.loc.gov/MARC21/slim">

  <leader>00728cam a2200193 i 4500</leader>
  <datafield tag="999" ind1=" " ind2=" ">
    <subfield code="c">7410</subfield>
    <subfield code="d">7410</subfield>
  </datafield>
  <controlfield tag="003">OSt</controlfield>
  <controlfield tag="005">20211118120901.0</controlfield>
  <controlfield tag="008">161003s2015    sp a          000 0 spa  </controlfield>
  <datafield tag="020" ind1=" " ind2=" ">
    <subfield code="a">9788487641503</subfield>
  </datafield>
  <datafield tag="040" ind1=" " ind2=" ">
    <subfield code="a">DLC</subfield>
    <subfield code="c">CDMR</subfield>
    <subfield code="b">cat</subfield>
  </datafield>
  <datafield tag="100" ind1="1" ind2=" ">
    <subfield code="a">Hernando, Bernardino M.</subfield>
    <subfield code="9">3710</subfield>
  </datafield>
  <datafield tag="245" ind1="1" ind2="0">
    <subfield code="a">120 a&#xF1;os de la Asociaci&#xF3;n de la Prensa de Madrid en fotos (1895-2015) /</subfield>
    <subfield code="c">Bernardino M. Hernando, Juan Manuel Bernardo Nieto.</subfield>
  </datafield>
  <datafield tag="264" ind1=" " ind2="1">
    <subfield code="a">Madrid :</subfield>
    <subfield code="b">Asociaci&#xF3;n de la Prensa de Madrid,</subfield>
    <subfield code="c">2015.</subfield>
  </datafield>
  <datafield tag="300" ind1=" " ind2=" ">
    <subfield code="a">114 p&#xE0;gines : </subfield>
    <subfield code="b">fotografies;</subfield>
    <subfield code="c">33 cm</subfield>
  </datafield>
  <datafield tag="610" ind1="1" ind2="0">
    <subfield code="a">Asociaci&#xF3;n de la Prensa de Madrid</subfield>
    <subfield code="x">Hist&#xF2;ria</subfield>
    <subfield code="v">Fotografies</subfield>
  </datafield>
  <datafield tag="650" ind1=" " ind2="0">
    <subfield code="a">Periodisme</subfield>
    <subfield code="z">Espanya</subfield>
    <subfield code="z">Madrid</subfield>
    <subfield code="x">Hist&#xF2;ria</subfield>
    <subfield code="9">382</subfield>
  </datafield>
  <datafield tag="700" ind1="1" ind2=" ">
    <subfield code="a">Bernardo Nieto, Juan Manuel.</subfield>
  </datafield>
  <datafield tag="942" ind1=" " ind2=" ">
    <subfield code="2">udc</subfield>
    <subfield code="c">MON</subfield>
  </datafield>
  <datafield tag="952" ind1=" " ind2=" ">
    <subfield code="0">0</subfield>
    <subfield code="1">0</subfield>
    <subfield code="4">0</subfield>
    <subfield code="7">0</subfield>
    <subfield code="a">CDMR</subfield>
    <subfield code="b">CDMR</subfield>
    <subfield code="d">2021-11-18</subfield>
    <subfield code="e">Donaci&#xF3;</subfield>
    <subfield code="g">20.00</subfield>
    <subfield code="l">0</subfield>
    <subfield code="o">Dt 15/49</subfield>
    <subfield code="p">CDMR21110026</subfield>
    <subfield code="r">2021-11-18</subfield>
    <subfield code="w">2021-11-18</subfield>
    <subfield code="y">MON</subfield>
  </datafield>
</record>
